library Science information technology / (Record no. 193688)
[ view plain ]
| 000 -LEADER | |
|---|---|
| fixed length control field | 00912 a2200145 4500 |
| 003 - CONTROL NUMBER IDENTIFIER | |
| control field | NUST |
| 005 - DATE AND TIME OF LATEST TRANSACTION | |
| control field | 20221202182337.0 |
| 040 ## - CATALOGING SOURCE | |
| Transcribing agency | Nust |
| 082 ## - DEWEY DECIMAL CLASSIFICATION NUMBER | |
| Classification number | 020,LIB |
| 245 ## - TITLE STATEMENT | |
| Title | library Science information technology / |
| Statement of responsibility, etc. | Edited by Meher contractor |
| 260 ## - PUBLICATION, DISTRIBUTION, ETC. | |
| Place of publication, distribution, etc. | New Delhi |
| Name of publisher, distributor, etc. | J.L. Kumar |
| Date of publication, distribution, etc. | 1999 |
| 300 ## - PHYSICAL DESCRIPTION | |
| Extent | 213p.: |
| 505 ## - FORMATTED CONTENTS NOTE | |
| Formatted contents note | Librarianship And The Professional Librarian (Page-1), Modern Documentation And Information Technology (Page-16), The Computer In The University (Page-56), The Miniature Library (Page-82), Research Methodology And New Technology (Page-105), Major Issues In Software And System Selection (Page-124), Documentation And Computer Output Alternatives (Page-143), Major Issues In Serial Publication (Page-162), Documentation Of International Comparative Statistics (Page-178), Libraries And Scientific Literature (Page-197), Resource Sharing And Objectives (Page-208). |
| 942 ## - ADDED ENTRY ELEMENTS (KOHA) | |
| Source of classification or shelving scheme | |
| Koha item type | Book |
| Call number prefix | 020,LIB |
| Withdrawn status | Lost status | Source of classification or shelving scheme | Damaged status | Not for loan | Permanent Location | Current Location | Shelving location | Date acquired | Full call number | Barcode | Date last seen | Price effective from | Koha item type | Public note |
|---|---|---|---|---|---|---|---|---|---|---|---|---|---|---|
| Military College of Signals (MCS) | Military College of Signals (MCS) | General Stacks | 12/12/2016 | 020,LIB | MCS27817 | 12/08/2016 | 12/12/2016 | Book | Almirah No.46, Shelf No.1 |
